Palavras - Statistics

Estatísticas Gerais
  • Esse quiz foi jogado 84 vezes
  • A pontuação média é 10 de 15
Estatísticas das Respostas
Hint Resposta % Correto
Gáua Água
96%
Rla Lar
93%
Uar Rua
91%
Rmoa Amor
89%
Bolrtbeoa Borboleta
88%
Oles Selo
88%
Acart Carta
86%
Rolf Flor
86%
Ocacas Casaco
64%
Curâina Ucrânia
58%
Jbioe Beijo
55%
Actnar Cantar
50%
Lbdeiaedr Liberdade
43%
Afgaira Girafa
30%
Ahruing Hungria
9%
Nenhum quiz correspondente encontrado
Distribuição das Pontuações
Porcentagem de Pessoas com Cada Pontuação
Percentil de Números Respondidos
Sua Pontuação Histórica
Você não jogou esse quiz